Statistiques concernant Football Français (QCM)

Cliquez ici pour prendre le quiz!

Statistiques générales

  • Ce quiz a été pris 254 fois
  • Le résultat moyen est 8 sur 10

Statistiques - réponses

QuestionRéponse% Correct
Combien de coupe du monde à gagner la France2
99%
Qui est le joueur français le plus cherMbappe
95%
Qui est le seul joueur a avoir inscrit un triplé en finale de coupe du mondeMbappe
94%
Quel club a gagné la première LDCOM
94%
Combien de Ldc ont les clubs français1
91%
Qui est le meilleur buteur de l'équipe de FranceGiroud
86%
Quel joueur a gagné le plus de ballon d'orPlatini
78%
Combien de coupe d'Europe a gagné la France2
71%
Qui est le meilleur buteur de l'équipe de France en une seule coupe du mondeJust Fontaine
68%
Combien de Ballon d'or les joueurs français ont ils gagnés7
39%

Distribution des résultats

Percentile par nombre de réponses

% des personnes avec chaque résultat

Votre développement - résultats

Vous n’avez pas pris ce quiz